Literatur: Charaktere aus deutschsprachigen Büchern - Statistiken

Allgemein
  • Dieses Quiz wurde 1.223 mal gespielt
  • Das Durchschnittsergebnis liegt bei 10 aus 29
Antwortstatistiken
Figur Jahr Literarisches Werk % Korrekt
Mephistopheles 1808 Faust
88%
Gregor Samsa 1915 Die Verwandlung
66%
Almöhi 1880 Heidis Lehr- und Wanderjahre
64%
Walter Faber 1957 Homo Faber
64%
Jean-Baptiste Grenouille 1985 Das Parfum
62%
Witwe Bolte 1865 Max und Moritz
59%
Kriemhild 13. Jh. Nibelungenlied
55%
Oskar Matzerath 1959 Die Blechtrommel
45%
Franz Moor 1781 Die Räuber
43%
Claire Zachanassian 1956 Der Besuch der alten Dame
37%
Hauke Haien 1888 Der Schimmelreiter
33%
Bastian Balthasar Bux 1979 Die unendliche Geschichte
32%
Geert von Innstetten 1894 Effi Briest
31%
Franz Biberkopf 1929 Berlin Alexanderplatz
30%
Andrej Tschichatschow 2010 Tschick
29%
Harry Haller 1927 Der Steppenwolf
27%
Hans Castorp 1924 Der Zauberberg
27%
Galileo Galilei 1943 Leben des Galilei
25%
Der Nichtraucher 1933 Das fliegende Klassenzimmer
23%
Der kleine Dienstag 1929 Emil und die Detektive
23%
Hanna Schmitz 1995 Der Vorleser
21%
Gustav von Aschenbach 1911 Der Tod in Venedig
18%
Siggi Jepsen 1968 Deutschstunde
14%
Max Piccolomini 1799 Wallenstein
11%
Wendla Bergmann 1891 Frühlings Erwachen
10%
Mutter Wolffen 1893 Der Biberpelz
8%
Hans Griebenrath 1906 Unterm Rad
8%
Hans Schnier 1963 Ansichten eines Clowns
7%
Leopold Auberg 2009 Atemschaukel
4%
Keine übereinstimmenden Quizze gefunden
Verteilung der Resultate
Anzahl Personen mit jedem Resultat
Perzentil nach korrekt beantworteten Fragen
Ihre Resultats-Entwicklung
Sie haben dieses Quiz noch nicht gespielt